Las funciones cerebrales humanas según nuevos datos y bases fisiológicas (Record no. 74977)

MARC details
000 -LEADER
campo de control de longitud fija 00657nam a2200169 i 4500
001 - NÚMERO DE CONTROL
campo de control 74977
003 - IDENTIFICADOR DE NÚMERO DE CONTROL
campo de control ES-MaACL
005 - FECHA Y HORA DE LA ÚLTIMA TRANSACCIÓN
campo de control 20230906172315.0
007 - CAMPO FIJO DE DESCRIPCIÓN FÍSICA--INFORMACIÓN GENERAL
campo de control de longitud fija t|
008 - DATOS DE LONGITUD FIJA--INFORMACIÓN GENERAL
campo de control de longitud fija 040921s1954 sp ||||1| spa d
100 1# - ENTRADA PRINCIPAL--NOMBRE DE PERSONA
Nombre de persona Gonzalo, Justo.
9 (RLIN) 59054
245 14 - MENCIÓN DEL TÍTULO
Título Las funciones cerebrales humanas según nuevos datos y bases fisiológicas
Resto del título : ponencia del IV Congreso Nacional de Neuro-Psiquiatría, Madrid 1954 /
Mención de responsabilidad, etc. Justo Gonzalo.
260 ## - PUBLICACIÓN, DISTRIBUCIÓN, ETC.
Lugar de publicación, distribución, etc. Madrid :
Nombre del editor, distribuidor, etc. [s.n.,
Fecha de publicación, distribución, etc. 1954] (
Fabricante José Luis Cosano)
300 ## - DESCRIPCIÓN FÍSICA
Extensión 57 p., 1 lám. :
Otras características físicas il. ;
Dimensiones 24 cm.
711 2# - ENTRADA AGREGADA--NOMBRE DE REUNIÓN
Nombre de congreso/reunión o jurisdicción como elemento de entrada Congreso Nacional de Neuropsiquiatría (
Número del congreso/reunión o número de parte o sección 4º.
Fecha del congreso o de la firma del tratado 1954.
Sede del congreso/Lugar de la reunión Madrid)
9 (RLIN) 549
852 ## - LOCALIZACIÓN
Ubicación ES-MaACL
Número de control de estantería 1970-F-18
Sublocalización o colección R.36706
Holdings
Estatus retirado Estado de pérdida Estado de daño No para préstamo Colección Biblioteca de origen Biblioteca actual Ubicación en estantería Fecha de adquisición Fuente de adquisición Total de préstamos Signatura topográfica completa Código de barras Visto por última vez Precio de reemplazo Tipo de ítem Koha
        Colección de folletos Biblioteca del Ateneo de Madrid Biblioteca del Ateneo de Madrid Depósito folletos 17/01/2008     1970-F-18 1078480 23/02/2023 23/02/2023 Folleto